[Event "AUTO-INT-1028"]
[Site "http://www.queenalice.com/game.php?id=515513"]
[Date "2009.1.1"]
[Round "2"]
[White "zolaweed"]
[Black "fagner"]
[Result "0-1"]
[WhiteElo "1817"]
[BlackElo "1799"]

1. e4 c6 2. Nf3 d5 3. exd5 cxd5 4. d4 Bg4 5. Nbd2 Nc6 6. Bb5 Nf6 7. h3 Bh5 8.
O-O e6 9. c3 a6 10. Ba4 Bd6 11. b4 Ne4 12. Qe2 Nxc3 13. Bxc6+ bxc6 14. Qd3 Bxb4
15. a3 Ba5 16. Ne5 Be2 17. Qg3 Bxf1 18. Kxf1 O-O 19. Nb3 Ne4 20. Qg4 Bc3 21. Bh6
Qf6 22. Ra2 Qxh6 23. Rc2 Rfb8 24. Nc5 Bxd4 25. Nxe4 Bxe5 26. Nd2 Rb2 27. Rxb2
Bxb2 28. Ke2 Rb8 29. f4 Bxa3 30. Kf3 f5 31. Qg3 Bc1 0-1

[Event "AUTO-INT-1028"]
[Site "http://www.queenalice.com/game.php?id=515514"]
[Date "2009.1.1"]
[Round "2"]
[White "fagner"]
[Black "zolaweed"]
[Result "1-0"]
[WhiteElo "1834"]
[BlackElo "1799"]

1. d4 d5 2. c4 e6 3. Nc3 Nc6 4. a3 b6 5. Nf3 Nf6 6. e3 Be7 7. Be2 O-O 8. O-O Bd6
9. Qc2 Na5 10. Nb5 Be7 11. cxd5 Nxd5 12. b4 Nb7 13. Bc4 c6 14. Nc3 b5 15. Bxd5
exd5 16. Ne2 Nd6 17. Qxc6 Bb7 18. Qc2 Ne4 19. Bb2 Rc8 20. Qd3 a6 21. Rac1 Rc4
22. Nc3 f5 23. Ne5 Rc7 24. Ne2 Rc4 25. Nxc4 dxc4 26. Qd1 Bd6 27. f3 Bxh2+ 28.
Kxh2 Qh4+ 29. Kg1 Rf6 30. Qe1 Qxe1 31. Rfxe1 Nd2 32. Nf4 Nb3 33. Rc3 g5 34. Nh5
Rh6 35. Ng3 Kf7 36. Nxf5 Rg6 37. Rc2 h5 38. Rd1 g4 39. fxg4 hxg4 40. d5 a5 41.
d6 Ke6 42. Ne7 1-0

[Event "AUTO-INT-1028"]
[Site "http://www.queenalice.com/game.php?id=515517"]
[Date "2009.1.1"]
[Round "2"]
[White "fagner"]
[Black "Drica"]
[Result "1-0"]
[WhiteElo "1806"]
[BlackElo "1725"]

1. d4 Nc6 2. c4 e6 3. a3 Qf6 4. Nf3 Na5 5. e3 b6 6. Nc3 c6 7. b4 Nb7 8. c5 bxc5
9. bxc5 Na5 10. Bd2 Nh6 11. Ne4 Qf5 12. Bd3 Nc4 13. Nd6+ Nxd6 14. Bxf5 Ndxf5 15.
h3 a5 16. O-O Ba6 17. Re1 Bd3 18. Qb3 Be4 19. Qb7 Rd8 20. Bxa5 Be7 21. Bxd8 Bxd8
22. Ne5 Nh4 23. Qxd7+ Kf8 24. Qxd8# 1-0

[Event "AUTO-INT-1028"]
[Site "http://www.queenalice.com/game.php?id=515518"]
[Date "2009.1.1"]
[Round "2"]
[White "Drica"]
[Black "fagner"]
[Result "1-0"]
[WhiteElo "1712"]
[BlackElo "1819"]

1. e4 c6 2. Qf3 d5 3. exd5 cxd5 4. Nc3 Nf6 5. d4 e6 6. Nge2 Nbd7 7. Ng3 Bb4 8.
a3 Ba5 9. b4 Bb6 10. Na4 Bxd4 11. c3 Be5 12. Nh5 Nxh5 13. Qxh5 b5 14. Bxb5 Bf6
15. O-O O-O 16. Qg4 Ne5 17. Qg3 Bh4 18. Qxe5 a6 19. Bd3 Bd7 20. Qh5 h6 21. Bxh6
gxh6 22. Qxh6 f5 23. Qe3 Bxa4 24. Qxe6+ Kg7 25. g3 Bf6 26. Qxf5 Bxc3 27. Qg6+
1-0

[Event "AUTO-ADV-1236"]
[Site "http://www.queenalice.com/game.php?id=547465"]
[Date "2009.2.27"]
[Round "1"]
[White "fagner"]
[Black "Artking"]
[Result "1-0"]
[WhiteElo "1849"]
[BlackElo "1770"]

1. d4 Nf6 2. c4 g6 3. Nc3 Bg7 4. e4 d6 5. Nf3 O-O 6. Be2 Nc6 7. Bg5 h6 8. Bf4
Qe8 9. Nb5 Nxe4 10. Nxc7 Qd8 11. Nxa8 Qa5+ 12. Nd2 Nxd4 13. O-O Nxe2+ 14. Kh1
Bg4 15. f3 N4g3+ 16. Bxg3 1-0

[Event "AUTO-ADV-1236"]
[Site "http://www.queenalice.com/game.php?id=547466"]
[Date "2009.2.27"]
[Round "1"]
[White "Artking"]
[Black "fagner"]
[Result "0-1"]
[WhiteElo "1757"]
[BlackElo "1862"]

1. d4 Nf6 2. c4 g6 3. Nc3 Bg7 4. e4 d6 5. f4 O-O 6. Nf3 Bg4 7. Be2 Re8 8. O-O
Na6 9. a3 Bxf3 10. Bxf3 e5 11. fxe5 dxe5 12. d5 Qd6 13. Be3 b6 14. Qe2 Nc5 15.
b4 Nb3 0-1

[Event "AUTO-ADV-1236"]
[Site "http://www.queenalice.com/game.php?id=547467"]
[Date "2009.2.27"]
[Round "1"]
[White "fagner"]
[Black "aragats"]
[Result "0-1"]
[WhiteElo "1866"]
[BlackElo "1836"]

1. d4 d5 2. c4 dxc4 3. Nc3 a6 4. a4 Nc6 5. Nf3 Bg4 6. e3 e6 7. Bxc4 Bb4 8. O-O
Nf6 9. h3 Bh5 10. Be2 O-O 11. Qc2 Bg6 12. Bd3 Qd7 13. Bxg6 fxg6 14. Rd1 Na5 15.
Ne5 Qe8 16. Na2 Bd6 17. Bd2 Nc6 18. Nxc6 bxc6 19. Rac1 Rb8 20. b4 Rb7 21. Qxc6
Qb8 22. Rc2 Rb6 23. Qc4 Ne4 24. Be1 Rf6 25. Rdc1 Kh8 26. f3 Ng3 27. e4 Bf4 28.
Rd1 Rf7 29. e5 Re7 30. Bd2 Bxd2 31. Rdxd2 Qc8 32. a5 Rb5 33. d5 Rxd5 34. Rxd5
exd5 35. Qxd5 Rd7 36. Qe6 Rd1+ 0-1

[Event "AUTO-ADV-1236"]
[Site "http://www.queenalice.com/game.php?id=547468"]
[Date "2009.2.27"]
[Round "1"]
[White "aragats"]
[Black "fagner"]
[Result "0-1"]
[WhiteElo "1865"]
[BlackElo "1890"]

1. f4 d5 2. Nf3 g6 3. g3 Bg7 4. Bg2 Nf6 5. Nc3 c5 6. O-O Nc6 7. d3 e6 8. e3 a6
9. a3 b5 10. Bd2 Bb7 11. b3 O-O 12. Ne2 c4 13. bxc4 bxc4 14. Rb1 Rb8 15. Bc3 Ng4
16. Bxg7 Kxg7 17. h3 Nxe3 0-1

[Event "AUTO-ADV-1236"]
[Site "http://www.queenalice.com/game.php?id=547469"]
[Date "2009.2.27"]
[Round "1"]
[White "fagner"]
[Black "Hakkinen"]
[Result "0-1"]
[WhiteElo "1888"]
[BlackElo "2001"]

1. d4 d5 2. c4 e6 3. Nc3 Nf6 4. Nf3 Nbd7 5. e3 Bb4 6. a3 Bxc3+ 7. bxc3 O-O 8.
Bb2 dxc4 9. Bxc4 b6 10. O-O Bb7 11. a4 h6 12. Ba3 Re8 13. Qe2 Ne4 14. Qd3 c5 15.
Bb5 a6 16. Bc4 cxd4 17. cxd4 Rc8 18. Bxa6 Rc3 19. Qb5 Bc6 20. Qb1 Bxa4 21. Qxe4
Bc2 22. Qb7 f5 23. Bb5 Rc7 24. Qa6 Be4 25. Bxd7 Rxd7 26. Ne5 Rd5 27. Rfc1 Qg5
28. g3 Qh5 29. Rc8 Rdd8 30. Rxd8 Rxd8 31. Qxb6 Re8 32. Nd7 Qf3 33. Kf1 Qh1+ 34.
Ke2 Bf3+ 35. Kd3 Qxa1 36. Bd6 Be4+ 37. Kc4 Rc8+ 38. Nc5 Rc6 39. Qd8+ Kh7 40. h4
Qa4+ 41. Kc3 Qa3+ 42. Kc4 Bd3# 0-1

[Event "AUTO-ADV-1236"]
[Site "http://www.queenalice.com/game.php?id=547470"]
[Date "2009.2.27"]
[Round "1"]
[White "Hakkinen"]
[Black "fagner"]
[Result "1-0"]
[WhiteElo "2012"]
[BlackElo "1877"]

1. e4 c6 2. Bc4 d5 3. exd5 cxd5 4. Bb5+ Bd7 5. Qe2 Bxb5 6. Qxb5+ Nd7 7. Qxb7 e6
8. Nc3 a6 9. d3 Bc5 10. Nf3 Ngf6 11. O-O O-O 12. Be3 Qb8 13. Qxb8 Rfxb8 14. d4
Bd6 15. b3 Bb4 16. Na4 h6 17. Bf4 Rc8 18. Rfc1 Ba3 19. Rd1 Rxc2 20. Ne5 Rac8 21.
h3 g5 22. Bg3 Rc1 23. f4 Rxa1 24. Rxa1 Nxe5 25. fxe5 Ne4 26. Be1 Kg7 27. Nb6 Rc2
28. Kf1 Bb2 29. Rd1 Nc3 30. Bxc3 Bxc3 31. a3 Rd2 32. Rxd2 Bxd2 33. Ke2 Bc3 34.
Kd3 Ba1 35. g4 f6 36. exf6+ Kxf6 37. Nd7+ Ke7 38. Nc5 Bb2 39. a4 e5 40. dxe5
Bxe5 41. Nxa6 Kd6 42. b4 Kc6 43. Nc5 Kb6 44. Nd7+ 1-0

[Event "AUTO-ADV-1266"]
[Site "http://www.queenalice.com/game.php?id=561476"]
[Date "2009.3.25"]
[Round "1"]
[White "josecastroman"]
[Black "fagner"]
[Result "0-1"]
[WhiteElo "1863"]
[BlackElo "1849"]

1. e4 c6 2. Nf3 d5 3. exd5 cxd5 4. d4 Nc6 5. Nc3 Bf5 6. h3 h6 7. Bb5 e6 8. a3
Nf6 9. Bf4 Bd6 10. Be5 O-O 11. Bxc6 bxc6 12. Qd2 Rb8 13. b4 Ne4 14. Nxe4 Bxe4
15. Qe2 Bxe5 16. dxe5 Qb6 17. O-O Bxf3 18. Qxf3 Qd4 19. Rfe1 Rfc8 20. c3 Qc4 21.
Qg3 c5 22. Rec1 a6 23. a4 cxb4 24. cxb4 Qxb4 25. Qe3 Rxc1+ 26. Rxc1 Qxa4 27. Qa7
Rf8 28. Qb6 a5 29. Rc5 Qd1+ 30. Kh2 Qd4 31. Rxa5 Qxb6 0-1

[Event "AUTO-ADV-1266"]
[Site "http://www.queenalice.com/game.php?id=561477"]
[Date "2009.3.25"]
[Round "1"]
[White "fagner"]
[Black "josecastroman"]
[Result "1/2-1/2"]
[WhiteElo "1849"]
[BlackElo "1884"]

1. d4 d5 2. c4 Nf6 3. Nc3 Bf5 4. Nf3 e6 5. a3 a6 6. Bg5 Be7 7. e3 Nc6 8. cxd5
exd5 9. Bd3 Bg4 10. h3 Bh5 11. b4 O-O 12. O-O h6 13. Bh4 Nh7 14. Bxe7 Nxe7 15.
g4 Bg6 16. Bxg6 fxg6 17. Ne5 c6 18. Qd3 Qd6 19. f4 Rf6 20. Na4 Qc7 21. Nc5 Nf8
22. g5 Rf5 23. h4 b6 24. Nb3 Nd7 25. Nxg6 Rf7 26. Nxe7+ Rxe7 27. Rae1 b5 28. e4
hxg5 29. hxg5 Rae8 30. e5 Nb6 31. Nc5 Qc8 32. Rf2 Nc4 33. Rh2 Qg4+ 34. Kh1 Rf8
35. Rg1 Qf5 36. Qxf5 Rxf5 37. Rg4 Nxa3 38. Nxa6 Ref7 39. Rf2 Nc4 40. e6 Re7 41.
Re2 Nd6 42. Nc5 g6 43. Re5 Rxe5 44. dxe5 Nf5 45. Kg1 Nd4 46. Kf2 Nxe6 47. Nxe6
Rxe6 48. Ke3 Kf7 49. Kd4 Kg7 50. Rg3 Kf7 51. Ra3 Ke7 52. Ra7+ Kd8 53. Kc5 Kc8
54. Rf7 Kd8 55. Rf6 Ke7 56. Kd4 Rxf6 57. exf6+ Ke6 58. Kc5 Kf7 59. Kd4 1/2-1/2

[Event "AUTO-ADV-1266"]
[Site "http://www.queenalice.com/game.php?id=561490"]
[Date "2009.3.25"]
[Round "1"]
[White "fagner"]
[Black "FeralPawn"]
[Result "0-1"]
[WhiteElo "1866"]
[BlackElo "1946"]

1. d4 c5 2. c4 cxd4 3. Qxd4 Nc6 4. Qd1 e5 5. Nc3 Bc5 6. e3 d6 7. Nf3 Nf6 8. a3
a5 9. Be2 Bg4 10. O-O e4 11. Ng5 Ne5 12. Ngxe4 Bxe2 13. Qxe2 O-O 14. Rd1 Nfg4
15. Nxc5 Qe7 16. Nd3 f5 17. Nxe5 Qxe5 18. g3 Rf6 19. Bd2 Rh6 20. f4 Qe8 21. Nd5
Rxh2 22. Qf3 Qh5 23. Rf1 Rxd2 24. Qh1 Rh2 25. Qf3 Re8 26. Rae1 Re6 27. Rf2 Rxf2
0-1

[Event "AUTO-ADV-1266"]
[Site "http://www.queenalice.com/game.php?id=561491"]
[Date "2009.3.25"]
[Round "1"]
[White "FeralPawn"]
[Black "fagner"]
[Result "1-0"]
[WhiteElo "1875"]
[BlackElo "1905"]

1. e4 c6 2. d4 d5 3. e5 Bf5 4. Bd3 Bxd3 5. Qxd3 e6 6. Nf3 c5 7. O-O Nc6 8. c4
dxc4 9. Qxc4 cxd4 10. Bg5 Be7 11. Bf4 h6 12. Nbd2 Bb4 13. Nb3 Nge7 14. Nfxd4 Ba5
15. Rfd1 Qc7 16. Nb5 Qb6 17. Be3 Nxe5 18. Bxb6 Nxc4 19. Nc7+ Kf8 20. Nxa8 Nd5
21. Bxa5 1-0

[Event "AUTO-ADV-1266"]
[Site "http://www.queenalice.com/game.php?id=561492"]
[Date "2009.3.25"]
[Round "1"]
[White "fagner"]
[Black "waldi"]
[Result "0-1"]
[WhiteElo "1827"]
[BlackElo "1992"]

1. d4 c6 2. c4 d5 3. a4 Nf6 4. Nf3 Bg4 5. e3 e6 6. Nc3 Bb4 7. Bd2 Qa5 8. Be2 Ne4
9. O-O Nxc3 10. bxc3 Bxc3 11. Bxc3 Qxc3 12. cxd5 exd5 13. Ne5 Bxe2 14. Qxe2 O-O
15. a5 f6 16. Nf3 Nd7 17. Rab1 b5 18. axb6 axb6 19. Rfc1 Qa3 20. Rxc6 Rfb8 21.
Ne1 Qa4 22. Rd6 Rb7 23. Rxd5 Qc6 24. Rbb5 Ra1 25. Kf1 Rba7 26. e4 R7a2 0-1

[Event "AUTO-ADV-1266"]
[Site "http://www.queenalice.com/game.php?id=561493"]
[Date "2009.3.25"]
[Round "1"]
[White "waldi"]
[Black "fagner"]
[Result "1-0"]
[WhiteElo "1950"]
[BlackElo "1850"]

1. e4 c6 2. d4 d5 3. e5 Bf5 4. Nc3 e6 5. Nf3 a6 6. Bd3 Bxd3 7. Qxd3 c5 8. Bg5
Be7 9. Bxe7 Qxe7 10. O-O Nc6 11. Na4 cxd4 12. Nxd4 Nxe5 13. Qg3 Ng6 14. f4 Qf6
15. c3 Qh4 16. Qf3 Nf6 17. Nc5 b5 18. Rae1 Ne4 19. Nxe4 dxe4 20. Rxe4 Qe7 21. f5
Nh4 22. Rxh4 Qxh4 23. Qxa8+ Qd8 24. Qc6+ Qd7 25. Qxa6 O-O 26. Qxb5 Qxb5 27. Nxb5
e5 28. Re1 f6 29. c4 1-0

[Event "AUTO-OPEN-1234"]
[Site "http://www.queenalice.com/game.php?id=567489"]
[Date "2009.4.6"]
[Round "3"]
[White "fagner"]
[Black "Lorfman"]
[Result "0-1"]
[WhiteElo "1851"]
[BlackElo "2630"]

1. d4 Nf6 2. c4 g6 3. Nc3 Bg7 4. e4 d6 5. Nf3 O-O 6. Bf4 Bg4 7. Be2 Nfd7 8. Qd2
Nc6 9. d5 Bxf3 10. Bxf3 Nd4 11. Bg4 Ne5 12. Be2 c6 13. Be3 Nxe2 14. Nxe2 Nxc4
15. Qc1 cxd5 16. Bd4 Bxd4 17. Nxd4 Qa5+ 18. Qc3 Qxc3+ 19. bxc3 dxe4 20. O-O Rac8
21. Rfc1 d5 22. h3 e5 23. Ne2 f5 24. a4 f4 25. Rab1 b6 26. Rd1 Rfd8 27. Rb5 Rc5
28. Rxc5 bxc5 29. Nc1 d4 30. cxd4 exd4 31. Ne2 g5 32. f3 e3 33. Nc1 Nb2 34. Re1
c4 35. Na2 d3 36. Nc3 d2 0-1

[Event "AUTO-OPEN-1234"]
[Site "http://www.queenalice.com/game.php?id=567490"]
[Date "2009.4.6"]
[Round "3"]
[White "Lorfman"]
[Black "fagner"]
[Result "1-0"]
[WhiteElo "2609"]
[BlackElo "1853"]

1. e4 c6 2. d4 d5 3. Nc3 dxe4 4. Nxe4 Bf5 5. Ng3 Bg6 6. h4 h6 7. Nf3 Nf6 8. Ne5
Bh7 9. Bd3 Bxd3 10. Qxd3 e6 11. Bd2 Bd6 12. f4 Nbd7 13. O-O-O Bxe5 14. fxe5 Nd5
15. Ne4 Qc7 16. Nd6+ Ke7 17. c4 N5b6 18. Rhf1 Rhf8 19. Qh7 1-0

[Event "AUTO-ADV-1427"]
[Site "http://www.queenalice.com/game.php?id=630757"]
[Date "2009.8.4"]
[Round "1"]
[White "fagner"]
[Black "orinto"]
[Result "0-1"]
[WhiteElo "1849"]
[BlackElo "1707"]

1. d4 Nf6 2. c4 e6 3. Nc3 d5 4. Nf3 c6 5. Bg5 Be7 6. e3 Nbd7 7. a3 O-O 8. Be2
dxc4 9. Bxc4 b5 10. Be2 a6 11. O-O Bb7 12. h3 c5 13. Rc1 Rc8 14. dxc5 Nxc5 15.
Qxd8 Rcxd8 0-1

[Event "AUTO-ADV-1427"]
[Site "http://www.queenalice.com/game.php?id=630758"]
[Date "2009.8.4"]
[Round "1"]
[White "orinto"]
[Black "fagner"]
[Result "0-1"]
[WhiteElo "1719"]
[BlackElo "1838"]

1. d4 d5 2. c4 c6 3. Nf3 Nf6 4. Nc3 dxc4 5. a4 Bf5 6. e3 e6 7. Bxc4 Nbd7 8. O-O
Be7 9. Qb3 Qc7 10. Re1 h6 11. Bd2 O-O 12. e4 Bh7 13. Rac1 a6 14. d5 cxd5 15.
exd5 Nc5 16. Qc2 Bxc2 0-1

[Event "AUTO-ADV-1427"]
[Site "http://www.queenalice.com/game.php?id=630759"]
[Date "2009.8.4"]
[Round "1"]
[White "fagner"]
[Black "Bernobr"]
[Result "0-1"]
[WhiteElo "1769"]
[BlackElo "2016"]

1. d4 d5 2. c4 c6 3. Nf3 Nf6 4. Nc3 e6 5. Bg5 Nbd7 6. e3 Qa5 7. Qc2 Ne4 8. a3
Nxg5 9. Nxg5 Nf6 10. Be2 dxc4 11. Bxc4 Qxg5 12. O-O b5 13. Bb3 Bb7 0-1

[Event "AUTO-ADV-1427"]
[Site "http://www.queenalice.com/game.php?id=630760"]
[Date "2009.8.4"]
[Round "1"]
[White "Bernobr"]
[Black "fagner"]
[Result "1-0"]
[WhiteElo "2009"]
[BlackElo "1776"]

1. e4 c6 2. d3 d5 3. Nd2 e5 4. Ngf3 Bd6 5. g3 Nf6 6. Bg2 O-O 7. O-O Bg4 8. h3
Bh5 9. Re1 Nbd7 10. g4 Bg6 11. Nh4 Ne8 12. Nxg6 1-0